<?xml version="1.0" encoding="UTF-8"?>
<record
    xmlns:xsi="http://www.w3.org/2001/XMLSchema-instance"
    xsi:schemaLocation="http://www.loc.gov/MARC21/slim http://www.loc.gov/standards/marcxml/schema/MARC21slim.xsd"
    xmlns="http://www.loc.gov/MARC21/slim">

  <leader>01408nam0a2200361   4500</leader>
  <controlfield tag="001">RU\NLR\b_ik\114880</controlfield>
  <controlfield tag="005">20260408194932.0</controlfield>
  <datafield tag="010" ind1=" " ind2=" ">
    <subfield code="a">0-521-56233-3</subfield>
  </datafield>
  <datafield tag="035" ind1=" " ind2=" ">
    <subfield code="a">(NLR Aleph) 002188525</subfield>
  </datafield>
  <datafield tag="090" ind1=" " ind2=" ">
    <subfield code="a">2880000</subfield>
    <subfield code="c">2880000</subfield>
  </datafield>
  <datafield tag="100" ind1=" " ind2=" ">
    <subfield code="a">20040712d2004    k  y0rusy50      ca</subfield>
  </datafield>
  <datafield tag="101" ind1="0" ind2=" ">
    <subfield code="a">eng</subfield>
  </datafield>
  <datafield tag="102" ind1=" " ind2=" ">
    <subfield code="a">RU</subfield>
  </datafield>
  <datafield tag="105" ind1=" " ind2=" ">
    <subfield code="a">a   |||||||||</subfield>
  </datafield>
  <datafield tag="200" ind1="1" ind2=" ">
    <subfield code="a">The raising of predicates</subfield>
    <subfield code="e">Predicative noun phrases a. the theory of clause structure</subfield>
    <subfield code="f">Andrea Moro</subfield>
  </datafield>
  <datafield tag="210" ind1=" " ind2=" ">
    <subfield code="a">Cambridge etc.</subfield>
    <subfield code="c">Cambridge univ. press</subfield>
    <subfield code="d">2004</subfield>
  </datafield>
  <datafield tag="215" ind1=" " ind2=" ">
    <subfield code="a">X, 318 &#x441;.</subfield>
    <subfield code="c">&#x441;&#x445;&#x435;&#x43C;.</subfield>
    <subfield code="d">24</subfield>
  </datafield>
  <datafield tag="225" ind1="1" ind2=" ">
    <subfield code="a">Cambridge studies in liguistics</subfield>
    <subfield code="v">80</subfield>
  </datafield>
  <datafield tag="320" ind1=" " ind2=" ">
    <subfield code="a">&#x411;&#x438;&#x431;&#x43B;&#x438;&#x43E;&#x433;&#x440;.: &#x441;. 301-309</subfield>
  </datafield>
  <datafield tag="320" ind1=" " ind2=" ">
    <subfield code="a">&#x423;&#x43A;&#x430;&#x437;.: &#x441;. 310-318</subfield>
  </datafield>
  <datafield tag="541" ind1="0" ind2=" ">
    <subfield code="a">&#x420;&#x430;&#x441;&#x448;&#x438;&#x440;&#x435;&#x43D;&#x438;&#x435; &#x440;&#x43E;&#x43B;&#x438; &#x43F;&#x440;&#x435;&#x434;&#x438;&#x43A;&#x430;&#x442;&#x430;</subfield>
    <subfield code="e">&#x41A;&#x43E;&#x43D;&#x441;&#x442;&#x440;&#x443;&#x43A;&#x446;&#x438;&#x438; &#x441; &#x438;&#x43C;&#x435;&#x43D;&#x43D;&#x44B;&#x43C;&#x438; &#x43F;&#x440;&#x435;&#x434;&#x438;&#x43A;&#x430;&#x442;&#x430;&#x43C;&#x438; &#x438; &#x442;&#x435;&#x43E;&#x440;&#x438;&#x44F; &#x441;&#x442;&#x440;&#x443;&#x43A;&#x442;&#x443;&#x440;&#x44B; &#x43F;&#x440;&#x435;&#x434;&#x43B;&#x43E;&#x436;&#x435;&#x43D;&#x438;&#x44F;</subfield>
    <subfield code="z">rus</subfield>
  </datafield>
  <datafield tag="606" ind1="0" ind2=" ">
    <subfield code="a">&#x421;&#x43A;&#x430;&#x437;&#x443;&#x435;&#x43C;&#x43E;&#x435;</subfield>
    <subfield code="9">1624344</subfield>
    <subfield code="3">RU\NLR\AUTH\661015231</subfield>
  </datafield>
  <datafield tag="606" ind1="0" ind2=" ">
    <subfield code="a">Grammar, comparative and general - clauses</subfield>
    <subfield code="2">lcsh</subfield>
  </datafield>
  <datafield tag="606" ind1="0" ind2=" ">
    <subfield code="a">Grammar, comparative and general - syntax</subfield>
    <subfield code="2">lcsh</subfield>
  </datafield>
  <datafield tag="606" ind1="0" ind2=" ">
    <subfield code="a">Grammar, comparative and general - verb phrases</subfield>
    <subfield code="2">lcsh</subfield>
  </datafield>
  <datafield tag="606" ind1=" " ind2=" ">
    <subfield code="a">&#x41F;&#x440;&#x435;&#x434;&#x43B;&#x43E;&#x436;&#x435;&#x43D;&#x438;&#x435; (&#x43B;&#x438;&#x43D;&#x433;&#x432;.)</subfield>
    <subfield code="3">RU\NLR\AUTH\661379419</subfield>
    <subfield code="9">2304298</subfield>
  </datafield>
  <datafield tag="676" ind1=" " ind2=" ">
    <subfield code="a">415</subfield>
    <subfield code="v">20</subfield>
  </datafield>
  <datafield tag="686" ind1="4" ind2=" ">
    <subfield code="a">&#x428;102.22</subfield>
  </datafield>
  <datafield tag="700" ind1=" " ind2="1">
    <subfield code="a">Moro</subfield>
    <subfield code="b">A.</subfield>
    <subfield code="g">Andrea</subfield>
    <subfield code="4">070</subfield>
  </datafield>
  <datafield tag="801" ind1=" " ind2="0">
    <subfield code="a">RU</subfield>
    <subfield code="b">NLR</subfield>
    <subfield code="c">20040712</subfield>
    <subfield code="g">PSBO</subfield>
  </datafield>
  <datafield tag="942" ind1=" " ind2=" ">
    <subfield code="c">BOOK</subfield>
  </datafield>
  <datafield tag="980" ind1=" " ind2=" ">
    <subfield code="a">NB</subfield>
  </datafield>
  <datafield tag="995" ind1=" " ind2=" ">
    <subfield code="5">2004-07-12</subfield>
    <subfield code="a">aa</subfield>
    <subfield code="b">NLR01</subfield>
    <subfield code="c">NLR01</subfield>
    <subfield code="e">IF</subfield>
    <subfield code="f">1026222</subfield>
    <subfield code="k">&#x418;&#x43A; 2004-7/2561</subfield>
    <subfield code="o">0</subfield>
    <subfield code="p">1200.00</subfield>
    <subfield code="r">BOOK</subfield>
    <subfield code="s">_200472561</subfield>
    <subfield code="u"> ;  </subfield>
  </datafield>
</record>
